[Event "Rouen op 9th"]
[Site "Rouen"]
[Date "2016.12.19"]
[Round "4"]
[White "Serano, Vincent"]
[Black "Deschuyteneer, Lucien"]
[Result "1-0"]
[WhiteElo "1705"]
[BlackElo "1399"]
[PlyCount "67"]
[EventDate "2016.12.17"]
[EventType "swiss"]
[EventRounds "7"]
[EventCountry "FRA"]
[SourceTitle "CBM 176 Extra"]
[Source "ChessBase"]
[SourceDate "2017.03.02"]
[SourceVersion "1"]
[SourceVersionDate "2017.03.02"]
[SourceQuality "1"]

1. d4 d5 2. Nf3 Nf6 3. Bf4 e6 4. e3 Be7 5. Bd3 0-0 6. Nbd2 b6 7. c3 Bb7 8. Ng5 h6 9. h4 Nbd7 10. Be5 c5 11. Qf3 a6 12. Qh3 Rc8 13. Ndf3 b5 14. Nxe6 fxe6 15. Qxe6+ Kh8 16. Ng5 Qe8 17. 0-0-0 Rc6 18. Qf5 g6 19. Qh3 Nxe5 20. dxe5 Ne4 21. Nxe4 dxe4 22. Bxe4 Rc7 23. Bxb7 Rxb7 24. f4 Qc6 25. Rd2 Rd8 26. Rhd1 Rxd2 27. Rxd2 a5 28. h5 gxh5 29. Qxh5 Kg7 30. f5 Bg5 31. Qh3 Kf8 32. f6 Bxf6 33. exf6 Qxf6 34. Qc8+ 1-0

[Event "Rouen op 9th"]
[Site "Rouen"]
[Date "2016.12.18"]
[Round "3"]
[White "Deschuyteneer, Lucien"]
[Black "Madon, Paul"]
[Result "1-0"]
[WhiteElo "1399"]
[BlackElo "1199"]
[PlyCount "110"]
[EventDate "2016.12.17"]
[EventType "swiss"]
[EventRounds "7"]
[EventCountry "FRA"]
[SourceTitle "CBM 176 Extra"]
[Source "ChessBase"]
[SourceDate "2017.03.02"]
[SourceVersion "1"]
[SourceVersionDate "2017.03.02"]
[SourceQuality "1"]

1. e4 d5 2. exd5 Qxd5 3. Nc3 Qd8 4. d4 Nf6 5. Nf3 Nc6 6. Be2 Bf5 7. Be3 Ne4 8. Nxe4 Bxe4 9. c3 e6 10. 0-0 Bd6 11. a3 Qf6 12. Nd2 Bd5 13. Bf3 Qh4 14. g3 Qf6 15. Bxd5 exd5 16. Qf3 Qxf3 17. Nxf3 0-0 18. b4 b6 19. Rfe1 a5 20. b5 Na7 21. a4 c6 22. Reb1 Rae8 23. bxc6 Bc7 24. Re1 Nxc6 25. Rab1 Na7 26. Bd2 Rb8 27. Re7 Rbc8 28. Kg2 Nc6 29. Rd7 Nb8 30. Re7 Nc6 31. Ree1 Rb8 32. Ne5 Na7 33. Nd7 Rfd8 34. Nxb8 Bxb8 35. Rxb6 Bc7 36. Rb7 Bb8 37. Ree7 Rf8 38. Bf4 Nc6 39. Red7 h6 40. Bxb8 Nxb8 41. Rxd5 Nc6 42. Rc5 Rc8 43. d5 Ne7 44. Rxc8+ Nxc8 45. Rb8 Kf8 46. Rxc8+ Ke7 47. c4 Kd6 48. Ra8 Ke7 49. Rxa5 Kf6 50. f4 Kg6 51. Kf3 f5 52. g4 h5 53. g5 h4 54. d6 Kh5 55. Rxf5 g6 1-0

[Event "Lille Seniors op"]
[Site "Lille"]
[Date "2014.11.28"]
[Round "6"]
[White "Deschuyteneer, Lucien"]
[Black "Delobel, Bernard"]
[Result "0-1"]
[WhiteElo "1474"]
[BlackElo "1892"]
[PlyCount "94"]
[EventDate "2014.11.24"]
[EventType "swiss"]
[EventRounds "7"]
[EventCountry "FRA"]
[SourceTitle "EXT 2016"]
[Source "ChessBase"]
[SourceDate "2015.10.08"]
[SourceVersion "1"]
[SourceVersionDate "2015.10.08"]
[SourceQuality "1"]

1. e4 e5 2. Nf3 Nf6 3. Nxe5 d6 4. Nf3 Nxe4 5. d4 d5 6. h3 Bd6 7. Bd3 0-0 8. 0-0 c6 9. c4 h6 10. cxd5 cxd5 11. Nc3 Nxc3 12. bxc3 Nd7 13. Bd2 Nf6 14. Re1 Bd7 15. Qc2 Rc8 16. Rab1 b6 17. Ne5 Rc7 18. Nxd7 Rxd7 19. Re2 Re7 20. Rbe1 Rxe2 21. Rxe2 Re8 22. Rxe8+ Qxe8 23. Kf1 b5 24. Qb3 a6 25. Bc2 Qc8 26. Bd3 Qc6 27. Be1 g6 28. g3 Kg7 29. Kg2 Be7 30. f3 Nd7 31. Bf2 Nb6 32. f4 Nc4 33. Kg1 f5 34. Bxc4 dxc4 35. Qd1 Qd5 36. Qe2 Kf7 37. Qe5 Qxe5 38. dxe5 h5 39. Kf1 Ke6 40. Ke2 Kd5 41. Kf3 a5 42. Bb6 b4 43. Bxa5 b3 44. axb3 cxb3 45. c4+ Kxc4 46. e6 b2 47. Bb4 Bxb4 0-1

[Event "Lille Seniors op"]
[Site "Lille"]
[Date "2014.11.26"]
[Round "4"]
[White "Deschuyteneer, Lucien"]
[Black "Lucas, Jean"]
[Result "0-1"]
[WhiteElo "1474"]
[BlackElo "1754"]
[PlyCount "78"]
[EventDate "2014.11.24"]
[EventType "swiss"]
[EventRounds "7"]
[EventCountry "FRA"]
[SourceTitle "EXT 2016"]
[Source "ChessBase"]
[SourceDate "2015.10.08"]
[SourceVersion "1"]
[SourceVersionDate "2015.10.08"]
[SourceQuality "1"]

1. e4 e5 2. Nf3 Nc6 3. Bb5 f5 4. d3 fxe4 5. dxe4 Nf6 6. 0-0 Bc5 7. Nc3 d6 8. Bg5 0-0 9. Bc4+ Kh8 10. a3 Qe8 11. b4 Bb6 12. Qd3 Bg4 13. Nd2 Qg6 14. Be3 Bh3 15. g3 Bxf1 16. Nxf1 Ng4 17. Nd5 Nxf2 18. Bxf2 Bxf2+ 19. Kh1 Bb6 20. Nxb6 axb6 21. c3 Qh5 22. Qe2 Qf3+ 23. Qxf3 Rxf3 24. Nd2 Rxc3 25. Rf1 Rc2 26. Rf2 Nd4 27. Kg2 b5 28. Bd5 c6 29. Bf7 g6 30. Bb3 Nxb3 31. Nxb3 Rxf2+ 32. Kxf2 Rxa3 33. Na5 c5 34. Nxb7 cxb4 35. Nxd6 Ra5 36. Nf7+ Kg7 37. Nxe5 b3 38. Nd3 b2 39. Nxb2 Ra2 0-1

[Event "Lille Luce op 4th"]
[Site "Lille"]
[Date "2013.04.13"]
[Round "1"]
[White "Lamotte, Estelle"]
[Black "Deschuyteneer, Lucien"]
[Result "0-1"]
[WhiteElo "1393"]
[BlackElo "1562"]
[PlyCount "50"]
[EventDate "2013.04.13"]
[EventType "swiss"]
[EventRounds "9"]
[EventCountry "FRA"]
[SourceTitle "CBM 154 Extra"]
[Source "ChessBase"]
[SourceDate "2013.06.25"]
[SourceVersion "2"]
[SourceVersionDate "2013.06.25"]
[SourceQuality "1"]

1. e4 e5 2. Nc3 Nf6 3. Nf3 Nc6 4. d4 exd4 5. Nxd4 Bc5 6. Be3 Bb6 7. Be2 0-0 8. 0-0 d6 9. Nxc6 bxc6 10. Bxb6 cxb6 11. Qd3 Qc7 12. Qg3 Bb7 13. Bd3 Rad8 14. Rad1 Bc8 15. Rfe1 Bg4 16. Rd2 Qb8 17. f3 Bh5 18. Kh1 h6 19. h3 Rfe8 20. Rde2 Kf8 21. e5 dxe5 22. Rxe5 Rxe5 23. Rxe5 Nd7 24. Re8+ Rxe8 25. Qxb8 Rxb8 0-1

[Event "Lille Luce op 3rd"]
[Site "Lille"]
[Date "2012.04.26"]
[Round "5"]
[White "Deschuyteneer, Lucien"]
[Black "Rouffignac, Marie"]
[Result "0-1"]
[WhiteElo "1561"]
[BlackElo "1657"]
[PlyCount "112"]
[EventDate "2012.04.23"]
[EventType "swiss"]
[EventRounds "8"]
[EventCountry "FRA"]
[SourceTitle "CBM 148 Extra"]
[Source "ChessBase"]
[SourceDate "2012.06.22"]
[SourceVersion "1"]
[SourceVersionDate "2012.06.22"]
[SourceQuality "1"]

1. e4 e5 2. Nf3 Nc6 3. Bb5 a6 4. Ba4 Nf6 5. 0-0 b5 6. Bb3 Bc5 7. c3 d6 8. Re1 0-0 9. d3 Ne7 10. Bg5 Ng6 11. Nbd2 Bb7 12. d4 Bb6 13. d5 h6 14. Be3 Bxe3 15. Rxe3 c6 16. h3 cxd5 17. exd5 Nxd5 18. Bxd5 Bxd5 19. Ne4 Bxe4 20. Rxe4 d5 21. Re1 e4 22. Nd4 Qg5 23. Ne2 Rad8 24. Ng3 Nf4 25. Qg4 Qxg4 26. hxg4 Rfe8 27. Re3 Nd3 28. Rb1 Ne5 29. f3 Nc4 30. Re2 exf3 31. gxf3 Rxe2 32. Nxe2 Nd2 33. Rd1 Nxf3+ 34. Kg2 Ne5 35. Kh3 Nc4 36. b3 Nb6 37. Nf4 Re8 38. Rd3 g5 39. Nxd5 Nxd5 40. Rxd5 Re3+ 41. Kg2 Re2+ 42. Kg3 Rxa2 43. Rd6 Kg7 44. Kf3 Ra3 45. Ke4 Rxb3 46. Rxa6 Rxc3 47. Rb6 Rc4+ 48. Kf3 b4 49. Kg3 Rc3+ 50. Kg2 b3 51. Kh2 Rc2+ 52. Kg3 b2 53. Kf3 f6 54. Rb7+ Kg6 55. Kg3 h5 56. gxh5+ Kxh5 0-1

[Event "Aulnoye Aymeries op 8th"]
[Site "Aulnoye Aymeries"]
[Date "2011.07.29"]
[Round "9"]
[White "Deschuyteneer, Lucien"]
[Black "Renard, Stephane"]
[Result "0-1"]
[WhiteElo "1592"]
[BlackElo "1968"]
[PlyCount "86"]
[EventDate "2011.07.25"]
[EventType "swiss"]
[EventRounds "9"]
[EventCountry "FRA"]
[SourceTitle "EXT 2020"]
[Source "ChessBase"]
[SourceDate "2019.10.17"]
[SourceVersion "1"]
[SourceVersionDate "2019.10.17"]
[SourceQuality "1"]

1. e4 e5 2. Nf3 Qe7 3. Be2 d6 4. 0-0 f5 5. exf5 Bxf5 6. d3 Nf6 7. Bg5 Nbd7 8. Nbd2 0-0-0 9. c3 h6 10. Bxf6 Nxf6 11. Qc2 g5 12. Ne4 Bg7 13. Nxf6 Bxf6 14. a4 h5 15. a5 h4 16. Nd2 g4 17. Ne4 Bg7 18. b4 Bh6 19. b5 d5 20. Nd2 Qg5 21. Rad1 g3 22. Nf3 gxh2+ 23. Nxh2 e4 24. dxe4 Bxe4 25. Bg4+ Qxg4 26. Nxg4 Bxc2 27. Nxh6 Rxh6 28. Rd2 Bb3 29. Rb1 Bc4 30. b6 cxb6 31. axb6 Rxb6 32. Rxb6 axb6 33. Rd4 Rh8 34. f3 Kc7 35. Kf2 Kc6 36. f4 b5 37. f5 h3 38. gxh3 Rxh3 39. Rf4 Rh7 40. f6 Rf7 41. Ke3 Kc5 42. Rf5 b6 43. Rf2 Kd6 0-1

[Event "Geraardsbergen op 25th"]
[Site "Geraardsbergen"]
[Date "2009.08.13"]
[Round "4"]
[White "Deschuyteneer, Lucien"]
[Black "Van Hoecke, Elena"]
[Result "1/2-1/2"]
[WhiteElo "1412"]
[BlackElo "1892"]
[PlyCount "53"]
[EventDate "2009.08.12"]
[EventType "swiss"]
[EventRounds "9"]
[EventCountry "BEL"]
[SourceTitle "CBM 132 Extra"]
[Source "ChessBase"]
[SourceDate "2009.11.03"]
[SourceVersion "1"]
[SourceVersionDate "2009.11.03"]
[SourceQuality "1"]

1. e4 e5 2. Nf3 Nc6 3. Bb5 a6 4. Ba4 d6 5. c3 Bd7 6. 0-0 Nf6 7. d3 Be7 8. Bg5 0-0 9. Re1 h6 10. Be3 b5 11. Bc2 Bg4 12. h3 Bh5 13. Nbd2 Qd7 14. Nf1 Nh7 15. Ng3 Bg6 16. d4 exd4 17. Nxd4 Bh4 18. Ngf5 Nxd4 19. cxd4 Bxf5 20. exf5 d5 21. Qg4 Bg5 22. h4 Bxe3 23. Rxe3 Nf6 24. Qf3 Rfe8 25. Rae1 Rxe3 26. Rxe3 Re8 27. Re5 1/2-1/2

[Event "Hainaut-ch"]
[Site "Manage"]
[Date "2008.08.23"]
[Round "6.22"]
[White "Roule, Alexandre"]
[Black "Deschuyteneer, Lucien"]
[Result "0-1"]
[WhiteElo "1640"]
[BlackElo "1464"]
[PlyCount "102"]
[EventDate "2008.08.23"]
[EventType "swiss"]
[EventRounds "9"]
[EventCountry "BEL"]
[SourceTitle "EXT 2024"]
[Source "ChessBase"]
[SourceDate "2023.10.10"]
[SourceVersion "1"]
[SourceVersionDate "2023.10.10"]
[SourceQuality "1"]

1. e4 e5 2. Nf3 Nc6 3. Bc4 Nf6 4. Ng5 d5 5. exd5 Na5 6. Qe2 Nxc4 7. Qxc4 Qxd5 8. Qxd5 Nxd5 9. b3 f6 10. Ne4 Bf5 11. d3 Be7 12. Ba3 0-0-0 13. c4 Bxa3 14. Nxa3 Nf4 15. f3 Nxd3+ 16. Ke2 Bxe4 17. fxe4 Nc5 18. Ke3 Rd3+ 19. Ke2 Rhd8 20. Rad1 Rxd1 21. Rxd1 Rxd1 22. Kxd1 Nxe4 23. Kc2 a6 24. Kd3 Nd6 25. c5 Nf7 26. Ke4 g6 27. Kd5 Kd7 28. Nc4 c6+ 29. Ke4 Ke6 30. g4 Ng5+ 31. Ke3 Kd5 32. Nd6 Kxc5 33. Nxb7+ Kd5 34. Nd8 c5 35. a3 Ne4 36. Nb7 Nc3 37. Na5 f5 38. Kd3 Nb5 39. Nc4 e4+ 40. Ke3 fxg4 41. Nb6+ Ke5 42. Nd7+ Kd6 43. Nf6 h5 44. Nxe4+ Kc6 45. a4 Nd6 46. Nc3 Nf5+ 47. Kf4 Nd4 48. Kg5 Nf3+ 49. Kxg6 h4 50. Ne2 Nxh2 51. Kg5 g3 0-1

[Event "Avoine op 21th"]
[Site "Avoine"]
[Date "2006.07.26"]
[Round "5"]
[White "Deschuyteneer, Lucien"]
[Black "Holland, Christophe"]
[Result "0-1"]
[WhiteElo "1445"]
[BlackElo "1751"]
[PlyCount "102"]
[EventDate "2006.07.22"]
[EventType "swiss"]
[EventRounds "9"]
[EventCountry "FRA"]
[SourceTitle "EXT 2007"]
[Source "ChessBase"]
[SourceDate "2006.11.23"]
[SourceVersion "1"]
[SourceVersionDate "2006.11.23"]
[SourceQuality "1"]

1. e4 c6 2. d4 d5 3. Nc3 dxe4 4. Nxe4 Nd7 5. Nf3 Ngf6 6. Bd3 Nxe4 7. Bxe4 Nf6 8. Bd3 Bg4 9. c3 e6 10. h3 Bh5 11. Bf4 Be7 12. 0-0 0-0 13. Be2 Qb6 14. Qb3 Qxb3 15. axb3 Nd5 16. Bh2 a5 17. Rfe1 Bg6 18. Ne5 Bc2 19. Bd1 Bf5 20. Bg4 Bxg4 21. Nxg4 c5 22. dxc5 Bxc5 23. Ne5 Rfd8 24. Rad1 f6 25. Nf3 b6 26. Kf1 Kf7 27. Nd4 Ne7 28. Nb5 e5 29. Nc7 Rac8 30. Nb5 Rd5 31. Bg1 Rcd8 32. Ke2 Ng6 33. g3 h5 34. h4 Rxd1 35. Rxd1 Rxd1 36. Kxd1 e4 37. Ke2 Ne5 38. b4 axb4 39. cxb4 Bxb4 40. b3 Nf3 41. Kf1 Bc5 42. Nc3 f5 43. Nb1 Bb4 44. Kg2 Ke6 45. Bh2 Kd5 46. g4 Nxh2 47. gxf5 Nf3 48. Kg3 Ke5 49. Kh3 Kxf5 50. Kg3 Nd2 51. Nxd2 Bxd2 0-1

[Event "Aulnoye Aymeries"]
[Site "Aulnoye Aymeries"]
[Date "2005.08.12"]
[Round "9"]
[White "Przymusinski, Nicolas"]
[Black "Deschuyteneer, Lucien"]
[Result "1-0"]
[WhiteElo "1984"]
[BlackElo "1483"]
[PlyCount "57"]
[EventDate "2005.08.09"]
[EventType "tourn"]
[EventRounds "9"]
[EventCountry "FRA"]
[SourceTitle "EXT 2008"]
[Source "ChessBase"]
[SourceDate "2007.11.25"]
[SourceVersion "1"]
[SourceVersionDate "2007.11.25"]
[SourceQuality "1"]

1. c4 c5 2. g3 g6 3. Bg2 Bg7 4. Nc3 Nc6 5. Nf3 Nf6 6. d4 cxd4 7. Nxd4 0-0 8. 0-0 Nxd4 9. Qxd4 d6 10. Qd2 a6 11. b3 Rb8 12. a4 Bd7 13. Bb2 b5 14. cxb5 axb5 15. a5 Rc8 16. b4 Rc4 17. Nd5 Nxd5 18. Bxg7 Kxg7 19. Bxd5 Rc7 20. Rfc1 Be6 21. Bxe6 fxe6 22. Rxc7 Qxc7 23. Rc1 Qa7 24. Qc3+ e5 25. e3 Rb8 26. Qc7 Rb7 27. Qd8 Rb8 28. Rc7 Rb7 29. Qxe7+ 1-0

[Event "Aulnoye Aymeries"]
[Site "Aulnoye Aymeries"]
[Date "2005.08.09"]
[Round "3"]
[White "Deschuyteneer, Lucien"]
[Black "Lasserre, Marc"]
[Result "1/2-1/2"]
[WhiteElo "1483"]
[BlackElo "1570"]
[PlyCount "87"]
[EventDate "2005.08.09"]
[EventType "tourn"]
[EventRounds "9"]
[EventCountry "FRA"]
[SourceTitle "EXT 2008"]
[Source "ChessBase"]
[SourceDate "2007.11.25"]
[SourceVersion "1"]
[SourceVersionDate "2007.11.25"]
[SourceQuality "1"]

1. e4 c5 2. Nf3 e6 3. d4 cxd4 4. Nxd4 a6 5. Be2 Qc7 6. a3 Nf6 7. Nc3 b5 8. Bd2 Bc5 9. Nf3 Nc6 10. 0-0 0-0 11. Bg5 Ng4 12. h3 Nge5 13. Kh1 Nxf3 14. Bxf3 f6 15. Bh4 Ne7 16. Bg3 e5 17. Nd5 Qc6 18. Nxe7+ Bxe7 19. Qd5+ Kh8 20. Qxc6 dxc6 21. Rfd1 Be6 22. Be2 Rad8 23. f3 Rxd1+ 24. Rxd1 Rd8 25. Rxd8+ Bxd8 26. Bf2 Kg8 27. Bc5 Kf7 28. Kg1 Be7 29. Be3 Ke8 30. Kf1 Kd7 31. Ke1 c5 32. Kd2 Kc6 33. Kc3 a5 34. Kd2 a4 35. Bf1 c4 36. c3 Bc5 37. Bxc5 Kxc5 38. h4 g5 39. hxg5 fxg5 40. g4 Kd6 41. Ke3 Ke7 42. Kf2 Kf6 43. Kg3 Bf7 44. Bg2 1/2-1/2

[Event "Geraardsbergen op"]
[Site "Geraardsbergen"]
[Date "2003.08.16"]
[Round "5"]
[White "Deschuyteneer, Lucien"]
[Black "Valks, Henny"]
[Result "1/2-1/2"]
[WhiteElo "1514"]
[BlackElo "1618"]
[PlyCount "48"]
[EventDate "2003.08.??"]
[EventType "swiss"]
[EventRounds "7"]
[EventCountry "BEL"]
[SourceTitle "EXT 2005"]
[Source "ChessBase"]
[SourceDate "2004.11.15"]
[SourceVersion "1"]
[SourceVersionDate "2004.11.15"]
[SourceQuality "1"]

1. e4 c6 2. d4 d5 3. e5 Bf5 4. Nf3 e6 5. h3 h6 6. Bd3 Bxd3 7. Qxd3 Qb6 8. a3 c5 9. dxc5 Bxc5 10. 0-0 Ne7 11. b4 Bxb4 12. axb4 Qxb4 13. Ba3 Qb6 14. Nc3 Nbc6 15. Nb5 0-0 16. Rfb1 Qd8 17. Bxe7 Qxe7 18. Nd6 Nxe5 19. Nxe5 Qxd6 20. Nc4 Qc7 21. Ne3 a6 22. Qb3 b5 23. c3 Rfc8 24. Ra3 Rcb8 1/2-1/2

[Event "Geraardsbergen op"]
[Site "Geraardsbergen"]
[Date "2003.08.16"]
[Round "6"]
[White "Vandeleene, Erik"]
[Black "Deschuyteneer, Lucien"]
[Result "1/2-1/2"]
[WhiteElo "1671"]
[BlackElo "1514"]
[PlyCount "65"]
[EventDate "2003.08.??"]
[EventType "swiss"]
[EventRounds "7"]
[EventCountry "BEL"]
[SourceTitle "EXT 2005"]
[Source "ChessBase"]
[SourceDate "2004.11.15"]
[SourceVersion "1"]
[SourceVersionDate "2004.11.15"]
[SourceQuality "1"]

1. d4 d5 2. c4 e6 3. Nf3 Nf6 4. g3 Be7 5. Bg2 0-0 6. 0-0 c6 7. Nbd2 Nbd7 8. Qc2 Re8 9. b3 Nf8 10. Ne5 Ng6 11. f4 dxc4 12. Qxc4 Nd5 13. Ndf3 Rf8 14. Nxg6 hxg6 15. Ne5 Bf6 16. Ng4 Be7 17. e4 Nb6 18. Qc3 Bd7 19. Bb2 f6 20. Rad1 Qe8 21. Ne3 Rc8 22. Qd3 Rd8 23. Rfe1 Qf7 24. Qe2 Rfe8 25. Bf3 Bb4 26. Rf1 Qe7 27. Nc2 Bd6 28. Qg2 c5 29. e5 fxe5 30. dxe5 Bc7 31. Ne3 Bb5 32. Be2 Bxe2 33. Qxe2 1/2-1/2

[Event "Geraardsbergen op"]
[Site "Geraardsbergen"]
[Date "2003.08.14"]
[Round "2"]
[White "Van der Giessen, Ada Leona"]
[Black "Deschuyteneer, Lucien"]
[Result "1/2-1/2"]
[WhiteElo "1800"]
[BlackElo "1514"]
[PlyCount "74"]
[EventDate "2003.08.??"]
[EventType "swiss"]
[EventRounds "7"]
[EventCountry "BEL"]
[SourceTitle "EXT 2005"]
[Source "ChessBase"]
[SourceDate "2004.11.15"]
[SourceVersion "1"]
[SourceVersionDate "2004.11.15"]
[SourceQuality "1"]

1. e4 e5 2. f4 exf4 3. Nf3 g5 4. d4 Bg7 5. Bc4 d6 6. 0-0 h6 7. c3 Nf6 8. e5 dxe5 9. Nxe5 0-0 10. Qb3 Be6 11. Bxe6 fxe6 12. Qxb7 Nbd7 13. Nc6 Qe8 14. Nd2 Nd5 15. Nc4 Qc8 16. Qxc8 Rfxc8 17. Re1 Re8 18. Bd2 N5b6 19. Na3 a6 20. h4 Bf8 21. Nc2 Nc4 22. Bc1 Bg7 23. b3 Nd6 24. hxg5 hxg5 25. Bb2 Nf5 26. Rad1 Nb6 27. c4 a5 28. Bc1 a4 29. g4 Ng3 30. Na3 axb3 31. axb3 Bf8 32. Nb5 Ra2 33. Nc3 Rc2 34. Ne4 Nxe4 35. Rxe4 Bg7 36. d5 e5 37. Ba3 Rc3 1/2-1/2

[Event "Brasschaat op 01st"]
[Site "Brasschaat"]
[Date "2001.08.23"]
[Round "5"]
[White "Deschuyteneer, Lucien"]
[Black "Colpin, Guy"]
[Result "0-1"]
[WhiteElo "1579"]
[BlackElo "1593"]
[PlyCount "94"]
[EventDate "2001.08.19"]
[EventType "swiss"]
[EventRounds "7"]
[EventCountry "BEL"]
[SourceTitle "EXT 2017"]
[Source "ChessBase"]
[SourceDate "2016.10.25"]
[SourceVersion "1"]
[SourceVersionDate "2016.10.25"]
[SourceQuality "1"]

1. e4 e5 2. Nf3 Nc6 3. Bb5 a6 4. Ba4 b5 5. Bb3 Bc5 6. c3 Bb6 7. 0-0 Nge7 8. Re1 0-0 9. d4 Ng6 10. Bg5 Qe8 11. d5 Na5 12. Bc2 d6 13. h3 f6 14. Bd2 Nf4 15. Bxf4 exf4 16. Nbd2 Qg6 17. Kh2 Bxf2 18. Rf1 Qg3+ 19. Kh1 Nc4 20. Nxc4 bxc4 21. Qe2 Be3 22. Rfd1 g5 23. Nh2 Rf7 24. Qf3 Qh4 25. Ng4 Bc5 26. Rf1 h5 27. Nh6+ Kg7 28. Qe2 g4 29. Nxf7 gxh3 30. gxh3 Kxf7 31. Qf3 Bxh3 32. Qxf4 Bg4+ 33. Qh2 Qg5 34. Rae1 Kg7 35. Rf4 Rf8 36. Rff1 Be3 37. Bd1 Bd2 38. Rf5 Bxf5 39. exf5 Bxe1 40. Be2 h4 41. Bxc4 Bg3 42. Qg1 Re8 43. Bf1 Re1 44. c4 Qxf5 45. Kg2 Qe4+ 46. Kh3 Qf3 47. Bg2 Qf5# 0-1